| Beliefs | 1 | 0.00 | 0% | 0% | 0% |
| History - American History | 1 | 20.00 | 100% | 100% | 0% |
| History - European History | 1 | 20.00 | 100% | 100% | 0% |
| Literature - American Literature | 1 | 30.00 | 100% | 100% | 100% |
| Philosophy | 1 | 30.00 | 100% | 100% | 100% |
| Science - Chemistry | 1 | 20.00 | 100% | 100% | 0% |
| Science - Physics | 1 | 10.00 | 100% | 0% | 0% |
| 1 | 20.00 | 100% | 100% | 0% |
| Beliefs | 2 | 15.00 | 100% | 50% | 0% |
| Current Events | 1 | 10.00 | 100% | 0% | 0% |
| Fine Arts - Visual Fine Arts | 1 | 10.00 | 100% | 0% | 0% |
| History - European History | 1 | 20.00 | 100% | 100% | 0% |
| History - World History | 1 | 20.00 | 100% | 100% | 0% |
| Literature - British Literature | 1 | 20.00 | 0% | 100% | 100% |
| Literature - European Literature | 1 | 20.00 | 100% | 100% | 0% |
| Other Arts: Visual | 1 | 20.00 | 100% | 100% | 0% |
| Other Science: Earth Science | 1 | 0.00 | 0% | 0% | 0% |
| Philosophy | 1 | 20.00 | 100% | 100% | 0% |
| Social Science | 1 | 10.00 | 100% | 0% | 0% |
| 1 | 10.00 | 100% | 0% | 0% |
| Beliefs | 8 | 16.25 | 100% | 38% | 25% |
| Current Events | 1 | 10.00 | 100% | 0% | 0% |
| Fine Arts - Auditory Fine Arts | 3 | 20.00 | 100% | 67% | 33% |
| Fine Arts - Visual Fine Arts | 3 | 13.33 | 100% | 33% | 0% |
| Geography | 2 | 20.00 | 100% | 100% | 0% |
| History - American History | 3 | 13.33 | 100% | 33% | 0% |
| History - European History | 4 | 22.50 | 100% | 100% | 25% |
| History - World History | 3 | 23.33 | 100% | 100% | 33% |
| Literature - American Literature | 4 | 20.00 | 100% | 100% | 0% |
| Literature - British Literature | 2 | 15.00 | 100% | 50% | 0% |
| Literature - European Literature | 3 | 30.00 | 100% | 100% | 100% |
| Other Arts: Auditory | 3 | 13.33 | 100% | 33% | 0% |
| Other Arts: Visual | 1 | 10.00 | 100% | 0% | 0% |
| Other Science: Computer Science | 1 | 20.00 | 100% | 100% | 0% |
| Other Science: Earth Science | 1 | 10.00 | 100% | 0% | 0% |
| Other Science: Math | 2 | 15.00 | 100% | 0% | 50% |
| Philosophy | 3 | 16.67 | 100% | 33% | 33% |
| Science - Biology | 3 | 20.00 | 100% | 67% | 33% |
| Science - Chemistry | 2 | 10.00 | 100% | 0% | 0% |
| Science - Physics | 3 | 16.67 | 100% | 67% | 0% |
| Social Science | 4 | 17.50 | 100% | 50% | 25% |
| 7 | 18.57 | 86% | 86% | 14% |